Visualizzazione normale
Vista MARC
- Moriscos
di Topical Term
Records bibliografici associati: 1
001 - CONTROL NUMBER
- control field: 67824
003 - CONTROL NUMBER IDENTIFIER
- control field: IT-RoINE
005 - DATE AND TIME OF LATEST TRANSACTION
- control field: 20200619093558.0
008 - FIXED-LENGTH DATA ELEMENTS
- fixed length control field: 200619|| aca||aabn | a|a d
040 ## - CATALOGING SOURCE
- Original cataloging agency: IT-RoINE
- Transcribing agency: IT-RoINE
150 ## - HEADING--TOPICAL TERM
- Topical term or geographic name as entry element: Moriscos
- Geographic subdivision: España
- Geographic subdivision: Zamora (Diócesis)
- General subdivision: Historia
- General subdivision: Fuentes
670 ## - SOURCE DATA FOUND
- Source citation: Work cat.: (IT-RoINE)0: Martín Benito, José Ignacio 13380, Los moriscos en el obispado de Zamora /, 2003.